| 000 | 01587cam a2200409 i 4500 | ||
|---|---|---|---|
| 003 | OSt | ||
| 005 | 20240530110627.0 | ||
| 008 | 120403s2011 ua ab b 000 0 fre c | ||
| 020 | _a9782724705850 | ||
| 035 | _a(OCoLC)ocn768165935 | ||
| 040 |
_cEG-CaGPL _aEG-CaGPL |
||
| 041 | 0 |
_afre _aeng |
|
| 042 |
_apcc _alcode |
||
| 043 | _af-ua--- | ||
| 082 | 4 | 0 |
_221 _a630.1 _bCC/A A |
| 245 | 0 | 0 |
_aAyn Soukhna II : _bles ateliers métallurgiques du moyen empire / _cMahmoud Abd el-Raziq, Georges Castel, Pierre Tallet, Philippe Fluzin ; étude de la céramique: Virpi Perunka. |
| 246 | 3 | 1 | _aAteliers métallurgiques du moyen empire |
| 264 | 1 |
_aLe Caire : _bInstitut franćais d'archéologie orientale, _c2011. |
|
| 300 |
_axi, 207 pages : _bcolor illustrations, maps ; _c33 cm. + _e1 CD Rom (12 cm.) |
||
| 336 |
_atext _btxt _2rdacontent |
||
| 337 |
_aunmediated _bn _2rdamedia |
||
| 337 |
_3CD _acomputer _2rdamedia |
||
| 338 |
_avolume _bnc _2rdacarrier |
||
| 338 |
_3CD _acomputer disc _2rdacarrier |
||
| 490 | 1 |
_aFouilles de l'Ifao, _x0768-4703 ; _v66 |
|
| 490 | 1 |
_aIF ; _v1045 |
|
| 504 | _aIncludes bibliographical references (p. vii-xi) | ||
| 650 | 0 |
_aMetallurgy _zEgypt _zʻAyn Sukhnah. |
|
| 651 | 0 |
_aʻAyn Sukhnah (Egypt) _xAntiquities. |
|
| 700 | 1 | _aAbd El-Raziq, Mahmud. | |
| 700 | 1 | _aCastel, Georges. | |
| 700 | 1 |
_aTallet, Pierre, _d1966- |
|
| 700 | 1 | _aFluzin, Philippe. | |
| 830 | 0 |
_aFouilles de l'Institut français d'archéologie orientale du Caire ; _v66. |
|
| 830 | 0 |
_aPublications de l'Institut français d'archéologie orientale du Caire ; _v1045. |
|
| 942 |
_2ddc _cBK |
||
| 999 |
_c63182 _d63182 |
||